00688pab a2200145 454500008004000000100002000040245005900060260000900119300001600128362001100144520029700155650003400452650002200486773003400508180718b2002 xxu||||| |||| 00| 0 eng d aAgrawal, Rakesh aConserving forests in Uttarakhand: people's initiative c2002 ap.3881-883. a21 Sep aPreserving the fragile ecosystem of the mountains and its rich biodiversity requires people's initiative, involvement and commitment. women in a village in the Kumaon Hills faced with the gradual destruction of the forests around have come together to protect and nurture them. - Reproduced. aForests - India - Uttarakhand aForest management aEconomic and Political Weekly